Địa chất và khoáng sản

সংরক্ষণ করুন:
গ্রন্থ-পঞ্জীর বিবরন
প্রধান লেখক: Viện địa chất và khoáng sản
বিন্যাস: গ্রন্থ
ট্যাগগুলো: ট্যাগ যুক্ত করুন
কোনো ট্যাগ নেই, প্রথমজন হিসাবে ট্যাগ করুন!
Thư viện lưu trữ: Mạng thư viện Đại học Đà Nẵng
LEADER 00584nam a2200205 4500
001 000008872
003 5065
005 20150812140822.0
008 111021s sd
100 0 |a Viện địa chất và khoáng sản 
245 0 0 |a Địa chất và khoáng sản  |c Viện địa chất và khoáng sản 
774 |d H.  |d 1982  |g Tập 1  |h 223 tr.  |w 5068 
OWN |a LSP 
999 |a From the UDN01 
TYP |a Monograph 
TYP |a Printed language 
980 |a Mạng thư viện Đại học Đà Nẵng